Quick Pick: Supernatural Episodes Quiz Stats

 Plays Quiz Updated Apr 9, 2018

Challenge
Share
Tweet
Embed
Score 0/12 Timer 00:30
13 Plays Today
% Correct
Heaven
73.4%
King
70.2%
Swan
67.2%
First
66.4%
Book
66.3%
Fan
66.2%
Clown
65.5%
Black
62.2%
Grave
61.4%
Devil
61.2%
Lucifer
59.8%
Mistake
54.2%

Today's Daily Dose

Missing Word
No Snow!

Word Ladder
Wild Cats

On This Day
December 16th II

You're not logged in!

Compare scores with friends on all Sporcle quizzes.
OR
Log In

You Might Also Like...

Show Comments

Extras

Top Quizzes Today


Score Distribution

Your Account Isn't Verified!

In order to create a playlist on Sporcle, you need to verify the email address you used during registration. Go to your Sporcle Settings to finish the process.

Report this User

Report this user for behavior that violates our Community Guidelines.

Details: